000 00294nam a2200109Ia 4500
008 200302s9999 xx 000 0 und d
100 _aBrent Richards and Dennies Gilbert
245 _aNew glass architecture
260 _bLaurence King Publishing Ltd. London
260 _c2006
300 _a240 P.,
999 _c2904
_d2904